Tres años en Alemania (Record no. 105808)

MARC details
000 -LEADER
campo de control de longitud fija 00702nam a2200193 i 4500
001 - NÚMERO DE CONTROL
campo de control 105808
003 - IDENTIFICADOR DE NÚMERO DE CONTROL
campo de control SpMaBN
005 - FECHA Y HORA DE LA ÚLTIMA TRANSACCIÓN
campo de control 20250920063053.0
008 - DATOS DE LONGITUD FIJA--INFORMACIÓN GENERAL
campo de control de longitud fija 180419q1912 sp a |||| |aspa d
080 ## - NÚMERO DE LA CLASIFICACIÓN DECIMAL UNIVERSAL
Número de la Clasificación Decimal Universal 914.3(079.3)
100 1# - ENTRADA PRINCIPAL--NOMBRE DE PERSONA
Nombre de persona Murúa y Valerdi, Agustín,
Fechas asociadas al nombre 1874-
9 (RLIN) 164655
245 10 - MENCIÓN DEL TÍTULO
Título Tres años en Alemania
Resto del título : memorias de un pensionado /
Mención de responsabilidad, etc. Agustín Murúa y Valerdi.
250 ## - MENCION DE EDICION
Mención de edición 2ª ed. corr. y aum.
260 ## - PUBLICACIÓN, DISTRIBUCIÓN, ETC.
Lugar de publicación, distribución, etc. Barcelona :
Nombre del editor, distribuidor, etc. Sdad. Gral. de Publicaciones,
Fecha de publicación, distribución, etc. [1912?]
300 ## - DESCRIPCIÓN FÍSICA
Extensión 400 p. :
Otras características físicas il. ;
Dimensiones 19 cm.
651 #7 - PUNTO DE ACCESO ADICIONAL DE MATERIA--NOMBRE GEOGRÁFICO
Nombre geográfico Alemania-
Subdivisión general Descripción.
9 (RLIN) 7657
852 ## - LOCALIZACIÓN
Ubicación ES-MaACL
Número de control de estantería L-31927
Nota libre . - Donat. herederos de la bibl. de Mª del Pilar Costa Palacín
Holdings
Estatus retirado Estado de pérdida Estado de daño No para préstamo Biblioteca de origen Biblioteca actual Ubicación en estantería Fecha de adquisición Fuente de adquisición Total de préstamos Signatura topográfica completa Código de barras Visto por última vez Precio de reemplazo Tipo de ítem Koha
        Biblioteca del Ateneo de Madrid Biblioteca del Ateneo de Madrid Depósito 2 19/04/2018     L-31927 1198728 23/02/2023 23/02/2023 Libro impreso